Here and Gone Quiz Stats

 Plays Quiz not verified by Sporcle

Score 0/30 Timer 02:00
0 Plays Today
Item 1 Still here % Correct
Jimmy CarterJimmy Carter
92.9%
Neil ArmstrongNeil Armstrong
92.3%
MalayaMalaysia
91.7%
CingularT-Mobile
91.1%
Backstreet BoysBackstreet Boys
89.3%
BabylonJericho
86.4%
Passenger pigeonCarrier pigeon
86.4%
NapsterLimeWire
84%
ZaireZambia
84%
AerosmithAerosmith
83.4%
George HarrisonRingo Starr
83.4%
Cave lionMountain lion
81.7%
USS ConstitutionUSS Constitution
80.5%
The King of NorwayKing of Norway
77.5%
Ground slothGround squirrel
75.1%
Item 1 Still here % Correct
4 Non BlondesThe Four Tops
74.6%
Tasmanian devilTasmanian devil
71%
Pete SeegerPete Seeger
66.9%
Mello YelloMello Yello
66.3%
Polaroid camerasKodak film
65.1%
Monty PythonThe Second City
53.3%
Super SizeMcRib
50.9%
Men at WorkMen at Work
44.4%
Fairly OddParentsFairly OddParents
43.8%
YugoslaviaSlovenia
32.5%
The Furious FiveThe Jackson 5
29.6%
Paul NewmanRobert Redford
29.6%
The Bee GeesThe Bee Gees
28.4%
Colossus of RhodesColosseum
27.2%
Ted KoppelTed Koppel
21.9%

You're not logged in!

Compare scores with friends on all Sporcle quizzes.
OR
Log In

Show Comments

Extras

Top Quizzes Today


Score Distribution

Your Account Isn't Verified!

In order to create a playlist on Sporcle, you need to verify the email address you used during registration. Go to your Sporcle Settings to finish the process.

Report this User

Report this user for behavior that violates our Community Guidelines.

Details: